|
|
|
|
| LEADER |
01073nam a2200289 a 4500 |
| 001 |
2333671 |
| 008 |
120807t20121983enk b 001 0 eng d |
| 010 |
|
|
|a 82023571
|
| 020 |
|
|
|a 9780521284752 (pbk.)
|
| 020 |
|
|
|a 0521241448
|
| 020 |
|
|
|a 0521284759 (pbk.)
|
| 040 |
|
|
|a DLC
|c DLC
|d DLC
|d BD-DhAAL.
|
| 082 |
0 |
0 |
|a 401.41
|2 19
|
| 100 |
1 |
|
|a Brown, Gillian.
|
| 245 |
1 |
0 |
|a Discourse analysis /
|c Gillian Brown, George Yule.
|
| 260 |
|
|
|a Cambridge ;
|a New York :
|b Cambridge University Press,
|c c1983 [20th printing 2012].
|
| 300 |
|
|
|a xii, 288 p. ;
|c 24 cm.
|
| 490 |
1 |
|
|a Cambridge textbooks in linguistics.
|
| 504 |
|
|
|a Bibliography: p. 272-283.
|
| 541 |
|
|
|e 00025881
|
| 500 |
|
|
|a Includes indexes.
|
| 650 |
|
0 |
|a Discourse analysis.
|
| 700 |
1 |
|
|a Yule, George,
|d 1947-
|
| 852 |
4 |
|
|a Ayesha Abed Library
|j General shelf.
|
| 942 |
0 |
0 |
|0 1
|
| 999 |
|
|
|c 12766
|d 12766
|
| 952 |
|
|
|0 0
|1 0
|4 0
|6 401_410000000000000_BRO
|7 0
|9 21025
|a BRACUL
|b BRACUL
|c GEN
|d 2012-08-26
|e Riza Enterprise
|g 3300.00
|l 21
|m 122
|o 401.41 BRO
|p 3010025881
|q 2026-09-16
|r 2026-05-19
|s 2026-05-19
|t 1
|w 0000-00-00
|y BK
|x Available
|